000 01116cam a22003133a 4500
001 31303
003 PGUSA
005 20140828083658.0
008 100217s2010||||xxu|||||s|||||000 p eng d
040 _aPGUSA
_beng
042 _adc
050 4 _aPN
050 4 _aCB
100 1 _aLee, Vernon,
_d1856-1935
245 1 0 _aEuphorion - Vol. I :
_bBeing Studies of the Antique and the Mediaeval in the Renaissance
_h[electronic resource] /
_cVernon Lee
260 _bProject Gutenberg,
_c2010
505 0 _aIntroduction -- The sacrifice -- The Italy of the Elizabethan dramatists -- The out-door poetry -- Symmetria prisca.
506 _aPublic domain in the USA.
516 _aElectronic text
653 _aLove
653 _aEnglish drama -- Early modern and Elizabethan, 1500-1600 -- History and criticism
653 _aBoiardo, Matteo Maria, 1440 or 1441-1494
653 _aRenaissance -- Italy
653 _aCivilization, Medieval
653 _aEpic poetry, Italian -- History and criticism
830 0 _aProject Gutenberg
_v31303
856 4 0 _uhttp://www.gutenberg.org/ebooks/31303
942 _cEB
999 _c260558
_d260558